000 00503nam a2200205Ia 4500
008 140306s9999 xx 000 0 und d
020 _a8122502857
041 _aeng
082 _a657.42
_bRAT/CO
100 _aLalitha, P
245 _aCost Accounting and Financial Management
250 _a4
260 _aAllahabad
_bKitab Mahal
_c2006
300 _a1830
365 _bRs.390/-
650 _aCost Accounting
650 _aFinancial Management
700 _aRathnam, P.V
942 _2ddc
_cBK
999 _c187327
_d187327